000 00750ata a2200277 4500
005 20250911132246.0
008 150521b xxu||||| |||| 00| 0 spa d
020 _a9789682326059
041 _aESP
082 _a363.1 S456s
245 _aSeguridad y reforma policial en las Américas: experiencias y desafíos
260 _aMéxico
260 _bSiglo XX
260 _c2005
300 _a379 páginas
490 _aInvestigación Criminal
650 _aSEGURIDAD PÚBLICA
650 _aPLANES DE SEGURIDAD PÚBLICA
650 _aSEGURIDAD URBANA
650 _aREFORMAS POLICIALES
650 _aRACIONALIDAD
650 _aSEGURIDAD NACIONAL
650 _aSEGURIDAD CIUDADANA
650 _aCARABINEROS DE CHILE
942 _cBK
_2ddc
999 _c5900
_d5900